000 00241 a2200097 4500
001 38707
100 _aJalalzai Mosa Khan
245 _aMuslim Aqliatain Char Barazamo main
260 _aLahore
_bStudent Service
_c1994
090 _c24527
_d24527
942 _aNUST-CAE
_cM
_c16144
999 _c273780
_d273780